000
00308nam a22001097a 4500
008
160523b xxu||||| |||| 00| 0 eng d
020
_a
9780827382992
041
_a
eng
080
_a
615
245
_a
Principles of pharmacology for respiratory care:
_c
Georgine W. Bills ; Robert C. Soderberg;
942
_2
udc
_c
BK
999
_c
2389
_d
2389